Manual de gestión tributaria y financiera de las entidades locales / Manuel Toribio Lemes, José M. Farfán Pérez
ISBN:
84-8061-012-3
Descripción Física:
354 p. : quadres ; 24 cm
Colección:
Temas de administración pública
Otros Autores:
Farfán Pérez, José M.
MARC
| LEADER | 00000nam a2200000Ia 4500 | ||
|---|---|---|---|
| 001 | 18136 | ||
| 008 | 160829s1993 xx 000 0 cat d | ||
| 020 | |a 84-8061-012-3 | ||
| 080 | |a M-5-27 | ||
| 100 | |a Toribio Lemes, Manuel |9 30409 | ||
| 245 | |a Manual de gestión tributaria y financiera de las entidades locales / Manuel Toribio Lemes, José M. Farfán Pérez | ||
| 260 | |a Madrid : |b Valvuena - Adams, |c 1993 | ||
| 300 | |a 354 p. : |b quadres ; |c 24 cm | ||
| 490 | |a Temas de administración pública | ||
| 590 | |a Bibliografia | ||
| 650 | |a Finances locals |x Espanya |9 24153 | ||
| 650 | 0 | |a Impostos locals |z Espanya |9 22277 | |
| 700 | |a Farfán Pérez, José M. |9 30410 | ||
| 901 | |a Arxiu | ||
| 942 | |n 1 | ||
| 952 | |0 0 |1 0 |4 0 |6 M527 |7 1 |9 45407 |a Arxiu |b Arxiu |d 2016-12-01 |l 0 |o M-5-27 |p 18136 |r 2016-12-01 00:00:00 |w 2016-12-01 |y ARXIU | ||
| 999 | |c 48514 |d 48514 | ||